India's prominant freedom fighters / (Record no. 40905)

MARC details
000 -LEADER
fixed length control field 00727nam a22002057a 4500
005 - DATE AND TIME OF LATEST TRANSACTION
control field 20100811115540.0
010 ## - LCCN (DPL NO)
LC control number ENG-99635
020 ## - INTERNATIONAL STANDARD BOOK NUMBER
International Standard Book Number 9788190946841
Terms of availability 75.00
035 ## - SYSTEM CONTROL NUMBER
System control number EN-83167
037 ## - SOURCE OF ACQUISITION
Source of stock number/acquisition DBAD/PUB
082 ## - DEWEY DECIMAL CLASSIFICATION NUMBER
Classification number 954.0841
100 ## - MAIN ENTRY--PERSONAL NAME
Personal name Santha, K.
245 ## - TITLE STATEMENT
Title India's prominant freedom fighters /
Statement of responsibility, etc by K. Santha
260 ## - PUBLICATION, DISTRIBUTION, ETC. (IMPRINT)
Place of publication, distribution, etc Ammur, Walajapet (TK)
Name of publisher, distributor, etc Wisdom Publications,
Date of publication, distribution, etc 2010
270 ## - ADDRESS
Address 40, Bazzar Street,
City Ammur, Walajapet (TK)
Postal code 632501
300 ## - PHYSICAL DESCRIPTION
Extent 70p.
Dimensions 21cm (pbk)
650 ## - SUBJECT ADDED ENTRY--TOPICAL TERM
Topical term or geographic name as entry element Nationlists
942 ## - ADDED ENTRY ELEMENTS (KOHA)
Source of classification or shelving scheme Dewey Decimal Classification
Item type English Books
Classification part 954.0841
Call number suffix SAN
Holdings
Withdrawn status Lost status Not for loan Collection code Home library Current library Date acquired Source of acquisition Cost, normal purchase price Full call number Barcode Copy number Cost, replacement price Koha item type
    Not For Loan Non-fiction D.B.Act.Division D.B.Act.Division 11/08/2010 DBAD/PUB 75.00 954.0841SAN EN-83167 1 75.00 English Books

© Delhi Public Library
Hit Counter
free hit counter